Music Quiz

Random Music or Song Quiz

Songs of the Big Apple Quiz Stats

 Plays Quiz not verified by Sporcle

Score 0/46 Timer 10:00
0 Plays Today
Song (Year) Artist % Correct
Theme from New York, New York (1977)Frank Sinatra
89.4%
Empire State of Mind (2010)Jay-Z & Alicia Keys
82.4%
Jenny From The Block (2002)Jennifer Lopez
71.8%
Me and Julio Down by the Schoolyard (1972)Paul Simon
70.6%
New York State of Mind (1976)Billy Joel
68.2%
Walk on the Wild Side (1972)Lou Reed
60%
The 59th Street Bridge Song (Feelin' Groovy) (1966)Simon & Garfunkel
54.1%
No Sleep Till Brooklyn (1987)Beastie Boys
52.9%
Angel of Harlem (1988)U2
52.9%
Saturday in the Park (1972)Chicago
51.8%
Sheena Is a Punk Rocker (1977)Ramones
51.8%
You Don't Mess Around With Jim (1972)Jim Croce
49.4%
Mona Lisas and Mad Hatters (1972)Elton John
48.2%
The Rising (2002)Bruce Springsteen
47.1%
Rhinestone Cowboy (1975)Glen Campbell
47.1%
Arthur's Theme (Best That You Can Do) (1981)Christopher Cross
44.7%
Downtown (1965)Petula Clark
42.4%
Englishman in New York (1987)Sting
42.4%
Puttin' on the Ritz (1983)Taco
41.2%
On Broadway (1978)George Benson
35.3%
Fairytale of New York (1987)Pogues with Kirsty MacColl
35.3%
Tom's Diner (1987)Suzanne Vega
34.1%
Harlem Shuffle (1986)Rolling Stones
32.9%
Song (Year) Artist % Correct
Spanish Harlem (1961)Ben E King
31.8%
Where Were You (When the World Stopped Turning) (2001)Alan Jackson
30.6%
New York Mining Disaster 1941 (1967)Bee Gees
30.6%
Beautiful Noise (1976)Neil Diamond
25.9%
New York Groove (1979)Ace Frehley
24.7%
The Message (1982)Grandmaster Flash & the Furious Five
24.7%
Chelsea Morning (1969)Judy Collins
24.7%
Take the 'A' Train (1944)Duke Ellington
23.5%
The Killing of Georgie (Part I and II) (1976)Rod Stewart
22.4%
New York Minute (1990)Don Henley
21.2%
Boy From New York City (1965)The Ad Libs
21.2%
Sometime in New York City (1972) [album]John Lennon
20%
New York, New York (2001)Ryan Adams
20%
Native New Yorker (1978)Odyssey
17.6%
Hot In The City (1982)Billy Idol
16.5%
Bright Lights (2003)Matchbox Twenty
14.1%
I Guess the Lord Must Be in New York City (1969)Nilsson
14.1%
New York City Rhythm (1976)Barry Manilow
12.9%
New York City Boy (1999)Pet Shop Boys
12.9%
Back in N.Y.C. (1974)Genesis
11.8%
All The Critics Love U In New York (1982)Prince
11.8%
Across 110th Street (1973)Bobby Womack
10.6%
Washington Square (1963)Village Stompers
5.9%

You're not logged in!

Compare scores with friends on all Sporcle quizzes.
OR
Log In

You Might Also Like...

Show Comments

Extras

Top Quizzes Today


Score Distribution

Your Account Isn't Verified!

In order to create a playlist on Sporcle, you need to verify the email address you used during registration. Go to your Sporcle Settings to finish the process.

Report this User

Report this user for behavior that violates our Community Guidelines.

Details: